[Event "GBR-ch89"]
[Site "Torquay"]
[Date "2002.08.01"]
[Round "4"]
[White "Cox, John J"]
[Black "Martyn, Rafe"]
[Result "1-0"]
[WhiteElo "2311"]
[BlackElo "2201"]
[PlyCount "137"]
[EventDate "2002.07.29"]
[EventType "swiss"]
[EventRounds "11"]
[EventCountry "GBR"]
[SourceTitle "BritBase"]
[Source "John Saunders"]
[SourceDate "2008.07.14"]
[SourceVersion "1"]
[SourceVersionDate "2008.07.14"]
[SourceQuality "2"]

1. c4 e5 2. g3 Nf6 3. Bg2 c6 4. d4 Bb4+ 5. Bd2 Bxd2+ 6. Qxd2 d6 7. Nc3 O-O 8.
e3 Nbd7 9. Nge2 Re8 10. h3 h5 11. O-O-O Qa5 12. Kb1 Nb6 13. b3 exd4 14. Nxd4
Qc5 15. Nc2 Bf5 16. Qd4 Qa5 17. e4 Bg6 18. Rhe1 Rad8 19. f4 Nbd7 20. Kb2 a6 21.
b4 Qc7 22. f5 Bh7 23. Qxd6 Qc8 24. Qf4 Ne5 25. Bf1 a5 26. a3 Qc7 27. Rxd8 Rxd8
28. Rd1 Rxd1 29. Nxd1 axb4 30. axb4 h4 31. Qxh4 Nf3 32. Qf4 Qxf4 33. gxf4 Nd2
34. Bd3 Nfxe4 35. Bxe4 Nxe4 36. Nd4 Ng3 37. Ne3 Kf8 38. Kb3 Ke7 39. Ka4 f6 40.
Ka5 Kd7 41. Kb6 Kc8 42. c5 Bg8 43. h4 Ba2 44. b5 cxb5 45. Nxb5 Ne4 46. Nd1 Bb1
47. Ndc3 Nxc3 48. Nxc3 Bxf5 49. Nb5 Kb8 50. Nd6 Bc8 51. Ne8 g6 52. Nxf6 Bh3 53.
Ne4 Bg2 54. Nd6 Bf3 55. Nc4 Kc8 56. Nd6+ Kb8 57. Nc4 Kc8 58. Ne5 Be4 59. Kb5
Kc7 60. Kc4 b6 61. Kd4 Bf5 62. cxb6+ Kxb6 63. Nf7 Be6 64. Nh8 Kc6 65. Ke5 Kd7
66. Nxg6 Bg4 67. Kf6 Ke8 68. f5 Bh3 69. h5 1-0

[Event "GBR-ch89"]
[Site "Torquay"]
[Date "2002.08.01"]
[Round "4"]
[White "Devereaux, Max"]
[Black "McShane, Luke J"]
[Result "0-1"]
[WhiteElo "2268"]
[BlackElo "2544"]
[PlyCount "122"]
[EventDate "2002.07.29"]
[EventType "swiss"]
[EventRounds "11"]
[EventCountry "GBR"]
[SourceTitle "BritBase"]
[Source "John Saunders"]
[SourceDate "2008.07.14"]
[SourceVersion "1"]
[SourceVersionDate "2008.07.14"]
[SourceQuality "2"]

1. e4 c5 2. Nf3 Nc6 3. d4 cxd4 4. Nxd4 Nf6 5. Nc3 e5 6. Ndb5 d6 7. Bg5 a6 8.
Na3 b5 9. Bxf6 gxf6 10. Nd5 f5 11. c3 Bg7 12. exf5 Bxf5 13. Nc2 Be6 14. g3 O-O
15. Bg2 a5 16. O-O Rb8 17. Qe2 f5 18. Rfd1 Qd7 19. Rd2 e4 20. Rad1 Ne5 21. Nf4
Bc4 22. Qe1 Bxa2 23. Rxd6 Qe7 24. Ne3 Bb3 25. R1d2 Nd3 26. Nxf5 Qxd6 27. Qxe4
Qe5 28. Ne7+ Kf7 29. Qxd3 Qe1+ 30. Bf1 Qxe7 31. Qxh7 Rh8 32. Qf5+ Qf6 33. Qd7+
Kg8 34. Rd6 Qf7 35. Qg4 Rf8 36. Rd7 Qf6 37. Ra7 Rh6 38. Bxb5 Bc2 39. Bc4+ Kh8
40. Rxa5 Bf5 41. Qe2 Qc6 42. Bd5 Qe8 43. Qd2 Be5 44. Ra8 Qe7 45. Nd3 Bg7 46.
Rxf8+ Qxf8 47. Nf4 Qe7 48. b4 Qe5 49. c4 Ra6 50. Bf3 Rd6 51. Qa2 Qa1+ 52. Qxa1
Bxa1 53. c5 Rd4 54. Nd5 Be6 55. Nc7 Bh3 56. Nd5 Rc4 57. Ne3 Rc1+ 58. Nd1 Bd4
59. c6 Bb6 60. b5 Kg7 61. g4 Kg6 0-1

[Event "GBR-ch89"]
[Site "Torquay"]
[Date "2002.08.01"]
[Round "4"]
[White "Dhar Barua, Saheli"]
[Black "Ashton, Adam"]
[Result "0-1"]
[WhiteElo "2221"]
[BlackElo "2152"]
[PlyCount "38"]
[EventDate "2002.07.29"]
[EventType "swiss"]
[EventRounds "11"]
[EventCountry "GBR"]
[SourceTitle "BritBase"]
[Source "John Saunders"]
[SourceDate "2008.07.14"]
[SourceVersion "1"]
[SourceVersionDate "2008.07.14"]
[SourceQuality "2"]

1. e4 e5 2. Nc3 Nf6 3. f4 d5 4. fxe5 Nxe4 5. Nf3 Bc5 6. d4 Bb4 7. Bd2 Bg4 8.
Nxe4 dxe4 9. Bxb4 exf3 10. gxf3 Qh4+ 11. Ke2 Nc6 12. c3 Bh5 13. Ba3 O-O-O 14.
Qc2 Rxd4 15. Qf5+ Kb8 16. Rd1 Re4+ 17. Kd2 Rxe5 18. Qh3 Rd5+ 19. Kc2 Qf2+ 0-1

[Event "GBR-ch89"]
[Site "Torquay"]
[Date "2002.08.01"]
[Round "4"]
[White "Emms, John M"]
[Black "Lee, Graham D"]
[Result "1-0"]
[WhiteElo "2544"]
[BlackElo "2361"]
[PlyCount "93"]
[EventDate "2002.07.29"]
[EventType "swiss"]
[EventRounds "11"]
[EventCountry "GBR"]
[SourceTitle "BritBase"]
[Source "John Saunders"]
[SourceDate "2008.07.14"]
[SourceVersion "1"]
[SourceVersionDate "2008.07.14"]
[SourceQuality "2"]

1. e4 c6 2. d4 d5 3. Nd2 Nd7 4. Bd3 dxe4 5. Nxe4 Ndf6 6. Ng5 Bf5 7. Bxf5 Qa5+
8. c3 Qxf5 9. Qb3 Qd5 10. Qxb7 Rd8 11. N1f3 h6 12. Nh3 Rd7 13. Qb3 g5 14. Ne5
Rd8 15. O-O Nd7 16. f4 Nxe5 17. fxe5 e6 18. Be3 Ne7 19. Nf2 Nf5 20. c4 Qd7 21.
Rad1 Be7 22. g4 Nh4 23. Ne4 O-O 24. Bf2 Ng6 25. Bg3 Kg7 26. Qf3 Qb7 27. b3 c5
28. d5 Rd7 29. Kg2 Qc8 30. Rf2 Bd8 31. h3 Bb6 32. Nf6 Rb7 33. Nh5+ Kh7 34. Nf6+
Kg7 35. dxe6 fxe6 36. Rfd2 Rbf7 37. Qe4 Rd8 38. Nh5+ Kh7 39. Nf6+ Kg7 40. Rxd8
Bxd8 41. Ne8+ Kh7 42. Nd6 Qd7 43. Nxf7 Qxd1 44. Nh8 Kxh8 45. Qxg6 h5 46. gxh5
Qe2+ 47. Bf2 1-0

[Event "GBR-ch89"]
[Site "Torquay"]
[Date "2002.08.01"]
[Round "4"]
[White "Evans-Quek, Debbie"]
[Black "Lyell, Mark"]
[Result "1-0"]
[WhiteElo "2069"]
[BlackElo "2265"]
[PlyCount "75"]
[EventDate "2002.07.29"]
[EventType "swiss"]
[EventRounds "11"]
[EventCountry "GBR"]
[SourceTitle "BritBase"]
[Source "John Saunders"]
[SourceDate "2008.07.14"]
[SourceVersion "1"]
[SourceVersionDate "2008.07.14"]
[SourceQuality "2"]

1. g3 e5 2. Bg2 d5 3. d3 Nf6 4. Nh3 Bg4 5. f3 Bd7 6. Nf2 Bc5 7. e3 Nc6 8. O-O
Qe7 9. c3 Bb6 10. b3 Be6 11. d4 O-O-O 12. b4 Bf5 13. a4 a5 14. b5 Nb8 15. Ba3
Qe6 16. Nd2 Rhe8 17. g4 Bg6 18. Re1 Nbd7 19. Nf1 h5 20. gxh5 Nxh5 21. Qd2 Qf6
22. Ng4 Qg5 23. Qf2 f5 24. h4 Qe7 25. Bxe7 Rxe7 26. Ngh2 Rde8 27. Ng3 Ndf6 28.
Nxh5 Nxh5 29. f4 exf4 30. exf4 Nf6 31. Rxe7 Rxe7 32. Re1 Ne4 33. Bxe4 dxe4 34.
Qg3 Re6 35. Qg5 c6 36. h5 Be8 37. Qxf5 Bd7 38. Rxe4 1-0

[Event "GBR-ch89"]
[Site "Torquay"]
[Date "2002.08.01"]
[Round "4"]
[White "Gormally, Daniel W"]
[Black "D'Costa, Lorin"]
[Result "1-0"]
[WhiteElo "2525"]
[BlackElo "2254"]
[PlyCount "93"]
[EventDate "2002.07.29"]
[EventType "swiss"]
[EventRounds "11"]
[EventCountry "GBR"]
[SourceTitle "BritBase"]
[Source "John Saunders"]
[SourceDate "2008.07.14"]
[SourceVersion "1"]
[SourceVersionDate "2008.07.14"]
[SourceQuality "2"]

1. d4 Nf6 2. c4 g6 3. Nc3 d5 4. Nf3 Bg7 5. cxd5 Nxd5 6. e4 Nxc3 7. bxc3 c5 8.
h3 Nc6 9. Be3 Qa5 10. Qd2 O-O 11. Rd1 b6 12. Rc1 Ba6 13. Bxa6 Qxa6 14. Qe2 Qa3
15. O-O cxd4 16. cxd4 Rac8 17. Qb5 Qa5 18. Qc4 e6 19. Bd2 Ne5 20. dxe5 Rxc4 21.
Bxa5 Rxc1 22. Rxc1 bxa5 23. Rc5 Rd8 24. Rxa5 Rd7 25. Kf1 Bf8 26. Rb5 Be7 27.
Ke2 Bd8 28. a4 Kg7 29. Rb4 Bb6 30. Rc4 Rd8 31. Ne1 Rb8 32. Nd3 Kf8 33. f4 Bd8
34. g4 Ke8 35. f5 Bb6 36. Rc6 Kd7 37. Rd6+ Ke7 38. fxe6 fxe6 39. Nf4 Bc5 40.
Rc6 Rb2+ 41. Kd3 Bb6 42. Rxe6+ Kf8 43. Rf6+ Ke8 44. Nd5 Ra2 45. e6 Rxa4 46. Rf7
Rd4+ 47. Kc3 1-0

[Event "GBR-ch89"]
[Site "Torquay"]
[Date "2002.08.01"]
[Round "4"]
[White "Hanley, Craig A"]
[Black "Woodward, Timothy"]
[Result "1/2-1/2"]
[WhiteElo "2331"]
[BlackElo "2211"]
[PlyCount "104"]
[EventDate "2002.07.29"]
[EventType "swiss"]
[EventRounds "11"]
[EventCountry "GBR"]
[SourceTitle "BritBase"]
[Source "John Saunders"]
[SourceDate "2008.07.14"]
[SourceVersion "1"]
[SourceVersionDate "2008.07.14"]
[SourceQuality "2"]

1. d4 d5 2. Nf3 Nf6 3. c4 c6 4. e3 Bf5 5. Nc3 e6 6. Nh4 Be4 7. f3 Bg6 8. Qb3
Qc7 9. g3 Be7 10. Nxg6 hxg6 11. Bd2 Nbd7 12. Kf2 O-O 13. Be2 dxc4 14. Bxc4 e5
15. Qc2 exd4 16. exd4 Qd6 17. Ne2 Nb6 18. Bb3 Nbd5 19. h4 Rae8 20. Rad1 Bd8 21.
Nf4 Bb6 22. Qc4 Nh5 23. Nxh5 gxh5 24. Qd3 Bc7 25. Rhg1 Re6 26. Bc2 g6 27. f4
Rfe8 28. Rge1 Rxe1 29. Rxe1 Rxe1 30. Bxe1 Qe6 31. Bb3 Bb6 32. Bc3 Qh3 33. Qf3
Qh2+ 34. Kf1 Qh3+ 35. Ke2 Qf5 36. Kd2 Qe6 37. a4 a6 38. Bc2 Ne7 39. b4 Nf5 40.
Bxf5 Qxf5 41. Qe3 Qd5 42. Kd3 Kf8 43. Qe2 a5 44. Qe5 Qxe5 45. fxe5 axb4 46.
Bxb4+ Ke8 47. Kc4 Kd7 48. a5 Bd8 49. Bd2 Be7 50. Bb4 Bd8 51. Kc5 Be7+ 52. Kc4
Bd8 1/2-1/2

[Event "GBR-ch89"]
[Site "Torquay"]
[Date "2002.08.01"]
[Round "4"]
[White "Jones, Gawain C B"]
[Black "Sowray, Peter J"]
[Result "1/2-1/2"]
[WhiteElo "2237"]
[BlackElo "2330"]
[PlyCount "105"]
[EventDate "2002.07.29"]
[EventType "swiss"]
[EventRounds "11"]
[EventCountry "GBR"]
[SourceTitle "BritBase"]
[Source "John Saunders"]
[SourceDate "2008.07.14"]
[SourceVersion "1"]
[SourceVersionDate "2008.07.14"]
[SourceQuality "2"]

1. e4 d6 2. d4 Nf6 3. Nc3 g6 4. Be3 c6 5. Qd2 b5 6. Bd3 Nbd7 7. Nf3 e5 8. Ne2
Bb7 9. c3 Qe7 10. Ng3 Ng4 11. Bg5 f6 12. h3 Nxf2 13. Kxf2 fxg5 14. Qxg5 Qxg5
15. Nxg5 Bh6 16. Nf3 O-O 17. Rhe1 a6 18. a4 Nb6 19. dxe5 dxe5 20. a5 Na4 21.
Rab1 Bg5 22. Kg1 Bd8 23. Ne2 Bxa5 24. Nxe5 Rae8 25. Nf3 Bb6+ 26. Kh1 Nc5 27.
Nc1 Nxd3 28. Nxd3 c5 29. Nde5 Rd8 30. Re2 Rfe8 31. Rbe1 Kg7 32. Ng4 h5 33. Ngh2
c4 34. g4 hxg4 35. Nxg4 Bc7 36. Kg2 Rd3 37. Nf2 Rd7 38. h4 Rde7 39. Ng5 Rh8 40.
Rh1 Bf4 41. Nf3 Rhe8 42. Rhe1 Rf8 43. Nh3 Bb8 44. Nfg5 Rf6 45. Rf2 Rxf2+ 46.
Nxf2 Ba7 47. Ng4 Bb6 48. Kf3 Bc8 49. e5 Bb7+ 50. Kf4 Bc8 51. Nf6 Rf7 52. Ke4
Bb7+ 53. Kf4 1/2-1/2

[Event "GBR-ch89"]
[Site "Torquay"]
[Date "2002.08.01"]
[Round "4"]
[White "Jones, Richard S"]
[Black "Burnett, James"]
[Result "1-0"]
[WhiteElo "2234"]
[BlackElo "2199"]
[PlyCount "69"]
[EventDate "2002.07.29"]
[EventType "swiss"]
[EventRounds "11"]
[EventCountry "GBR"]
[SourceTitle "BritBase"]
[Source "John Saunders"]
[SourceDate "2008.07.14"]
[SourceVersion "1"]
[SourceVersionDate "2008.07.14"]
[SourceQuality "2"]

1. e4 d5 2. exd5 Qxd5 3. Nc3 Qa5 4. d4 Nf6 5. Nf3 c6 6. Bc4 Bf5 7. Bd2 e6 8.
Nd5 Qd8 9. Nxf6+ gxf6 10. c3 Nd7 11. Nh4 Nb6 12. Bb3 Bg6 13. Qf3 Bd6 14. Qh3
Rg8 15. Nxg6 hxg6 16. O-O-O Qe7 17. Qf3 O-O-O 18. h4 c5 19. dxc5 Bxc5 20. g4
Nd5 21. h5 g5 22. Rhe1 Nb6 23. Be3 Nd7 24. Kb1 Ne5 25. Bxc5 Qxc5 26. Qxf6 Nxg4
27. Qxf7 Nxf2 28. Bxe6+ Kb8 29. Rd7 Rgf8 30. Rxb7+ Ka8 31. Rc7 Rxf7 32. Rxc5
Rg7 33. h6 Rh7 34. Rxg5 Rxh6 35. Rb5 1-0

[Event "GBR-ch89"]
[Site "Torquay"]
[Date "2002.08.01"]
[Round "4"]
[White "Knott, Simon JB"]
[Black "Rowson, Jonathan"]
[Result "1/2-1/2"]
[WhiteElo "2367"]
[BlackElo "2545"]
[PlyCount "111"]
[EventDate "2002.07.29"]
[EventType "swiss"]
[EventRounds "11"]
[EventCountry "GBR"]
[SourceTitle "BritBase"]
[Source "John Saunders"]
[SourceDate "2008.07.14"]
[SourceVersion "1"]
[SourceVersionDate "2008.07.14"]
[SourceQuality "2"]

1. Nf3 d5 2. d4 Nf6 3. c4 e6 4. Nc3 dxc4 5. e4 Bb4 6. Bg5 c5 7. e5 h6 8. exf6
hxg5 9. fxg7 Rg8 10. dxc5 Qxd1+ 11. Rxd1 Rxg7 12. h4 g4 13. Ne5 Nd7 14. Nxc4
Nxc5 15. Rd4 Ke7 16. Ne5 Bxc3+ 17. bxc3 g3 18. h5 Bd7 19. h6 gxf2+ 20. Kxf2 Rg5
21. Nf3 Rd5 22. Bc4 Rxd4 23. cxd4 Ne4+ 24. Ke3 Ng3 25. Rh3 Nf5+ 26. Kf2 Rh8 27.
h7 Bc6 28. Bd3 Nd6 29. Ne5 Be4 30. Bxe4 Nxe4+ 31. Ke2 Nf6 32. Rb3 b6 33. Nc6+
Kd7 34. Nxa7 Nd5 35. Nb5 Kc6 36. Nc3 Rxh7 37. Nxd5 Kxd5 38. Rxb6 Kxd4 39. Rb7
Rh2 40. Rxf7 Rxg2+ 41. Rf2 Rg4 42. Kf3 Rg8 43. Rd2+ Ke5 44. a4 Rf8+ 45. Ke3 Rh8
46. Kf3 Rh3+ 47. Kg4 Ra3 48. Re2+ Kd5 49. Rd2+ Ke5 50. Re2+ Kf6 51. Re4 e5 52.
Rb4 Ke6 53. Rb6+ Kd5 54. Rb5+ Ke4 55. Rb4+ Kd5 56. Rb5+ 1/2-1/2

[Event "GBR-ch89"]
[Site "Torquay"]
[Date "2002.08.01"]
[Round "4"]
[White "Kunte, Abhijit"]
[Black "Gallagher, Joseph G"]
[Result "1/2-1/2"]
[WhiteElo "2477"]
[BlackElo "2517"]
[PlyCount "44"]
[EventDate "2002.07.29"]
[EventType "swiss"]
[EventRounds "11"]
[EventCountry "GBR"]
[SourceTitle "BritBase"]
[Source "John Saunders"]
[SourceDate "2008.07.14"]
[SourceVersion "1"]
[SourceVersionDate "2008.07.14"]
[SourceQuality "2"]

1. d4 Nf6 2. g3 g6 3. Bg2 Bg7 4. Nf3 O-O 5. O-O d6 6. Re1 Nbd7 7. e4 e5 8. Nc3
c6 9. a4 Qc7 10. h3 b6 11. b3 Bb7 12. Ba3 exd4 13. Nxd4 a6 14. e5 dxe5 15. Bxf8
Bxf8 16. Nde2 Bb4 17. Qc1 Nf8 18. Rd1 Ne6 19. Qe3 Kg7 20. Ne4 Nd5 21. Qc1 Be7
22. a5 Nb4 1/2-1/2

[Event "GBR-ch89"]
[Site "Torquay"]
[Date "2002.08.01"]
[Round "4"]
[White "Ledger, David J"]
[Black "Rudd, Jack"]
[Result "1/2-1/2"]
[WhiteElo "2271"]
[BlackElo "2139"]
[PlyCount "68"]
[EventDate "2002.07.29"]
[EventType "swiss"]
[EventRounds "11"]
[EventCountry "GBR"]
[SourceTitle "BritBase"]
[Source "John Saunders"]
[SourceDate "2008.07.14"]
[SourceVersion "1"]
[SourceVersionDate "2008.07.14"]
[SourceQuality "2"]

1. e4 c5 2. Nc3 Nc6 3. Bb5 Nd4 4. Bc4 e6 5. Nf3 Nf6 6. O-O a6 7. Re1 b5 8. Bf1
Bb7 9. d3 d5 10. e5 Nd7 11. Bf4 Nxf3+ 12. Qxf3 g5 13. Bg3 h5 14. h3 Bg7 15. Nb1
Qe7 16. c3 O-O-O 17. a4 g4 18. hxg4 hxg4 19. Qxg4 Rdg8 20. Qe2 d4 21. cxd4 cxd4
22. Nd2 Bh6 23. Ne4 Rxg3 24. Nxg3 Bf4 25. Qg4 Bxe5 26. Rxe5 Nxe5 27. Qxd4 Qf6
28. Qc5+ Bc6 29. Be2 Qh4 30. Bh5 Rxh5 31. Nxh5 Qxh5 32. d4 Qg5 33. d5 Nf3+ 34.
Kf1 Nh2+ 1/2-1/2

[Event "GBR-ch89"]
[Site "Torquay"]
[Date "2002.08.01"]
[Round "4"]
[White "Mason, Don"]
[Black "Hebden, Mark L"]
[Result "0-1"]
[WhiteElo "2266"]
[BlackElo "2534"]
[PlyCount "96"]
[EventDate "2002.07.29"]
[EventType "swiss"]
[EventRounds "11"]
[EventCountry "GBR"]
[SourceTitle "BritBase"]
[Source "John Saunders"]
[SourceDate "2008.07.14"]
[SourceVersion "1"]
[SourceVersionDate "2008.07.14"]
[SourceQuality "2"]

1. f4 e5 2. fxe5 d6 3. exd6 Bxd6 4. Nf3 Nf6 5. d4 O-O 6. Qd3 Nc6 7. c3 Re8 8.
Bg5 h6 9. Bh4 Bf4 10. Nbd2 Re3 11. Qc2 Bg4 12. Bf2 Re7 13. e4 Nxe4 14. Nxe4 Qd5
15. Bd3 f5 16. Qb3 Qxb3 17. axb3 fxe4 18. Bc4+ Kh7 19. Ng1 e3 20. Bg3 Bxg3+ 21.
hxg3 Rf8 22. Nh3 Bxh3 23. gxh3 Rf2 24. Be2 a6 25. h4 h5 26. b4 g6 27. b3 Ref7
28. Rf1 Ne7 29. Rd1 Rxf1+ 30. Bxf1 Nf5 31. Rd3 Nxg3 32. Bh3 Re7 33. d5 Kg7 34.
Be6 Nf5 35. Ke2 Nxh4 36. Rxe3 Nf5 37. Rd3 Kf6 38. Kf2 Ke5 39. Bc8 Rf7 40. Kg1
Nd6 41. Be6 Rf8 42. Rg3 Rf6 43. Kg2 Ne4 44. Re3 Rf2+ 45. Kg1 Rc2 46. c4 Kf4 47.
Rd3 Nf2 48. Rd4+ Kg3 0-1

[Event "GBR-ch89"]
[Site "Torquay"]
[Date "2002.08.01"]
[Round "4"]
[White "McDonald, Neil R"]
[Black "Buckley, Simon T"]
[Result "1/2-1/2"]
[WhiteElo "2396"]
[BlackElo "2237"]
[PlyCount "51"]
[EventDate "2002.07.29"]
[EventType "swiss"]
[EventRounds "11"]
[EventCountry "GBR"]
[SourceTitle "BritBase August 2004"]

1. d4 Nf6 2. Bg5 e6 3. e4 h6 4. Bxf6 Qxf6 5. c3 d5 6. Nd2 c5 7. Ngf3 Nc6 8. Bb5
cxd4 9. Nxd4 Bd7 10. O-O Be7 11. Re1 O-O 12. N4f3 a6 13. Bf1 Rfd8 14. e5 Qg6
15. Nb3 f6 16. exf6 Qxf6 17. Nbd4 Bc5 18. Rc1 Re8 19. Rc2 Bb6 20. Nxc6 Bxc6 21.
Ne5 Rf8 22. Ng4 Qf7 23. Kh1 Rae8 24. Ne5 Qf4 25. g3 Qg5 26. Rd2 {'and the game
was drawn in 57 moves' (bulletin)} 1/2-1/2

[Event "GBR-ch89"]
[Site "Torquay"]
[Date "2002.08.01"]
[Round "4"]
[White "Mutton, Jonathan"]
[Black "Saravanan, Venkat"]
[Result "1/2-1/2"]
[WhiteElo "2211"]
[BlackElo "2385"]
[PlyCount "34"]
[EventDate "2002.07.29"]
[EventType "swiss"]
[EventRounds "11"]
[EventCountry "GBR"]
[SourceTitle "BritBase"]
[Source "John Saunders"]
[SourceDate "2008.07.14"]
[SourceVersion "1"]
[SourceVersionDate "2008.07.14"]
[SourceQuality "2"]

1. e4 c5 2. Nf3 d6 3. d4 cxd4 4. Nxd4 Nf6 5. Nc3 a6 6. Be2 g6 7. Be3 Bg7 8. Qd2
Nbd7 9. f3 b6 10. Nd5 Bb7 11. c4 O-O 12. O-O e6 13. Nc3 Qe7 14. Bg5 Rfd8 15.
Rfd1 Qf8 16. Nc2 h6 17. Bf4 d5 1/2-1/2

[Event "GBR-ch89"]
[Site "Torquay"]
[Date "2002.08.01"]
[Round "4"]
[White "Pert, Nicholas"]
[Black "Ganguly, Surya Shekhar"]
[Result "1-0"]
[WhiteElo "2460"]
[BlackElo "2524"]
[PlyCount "61"]
[EventDate "2002.07.29"]
[EventType "swiss"]
[EventRounds "11"]
[EventCountry "GBR"]
[SourceTitle "BritBase"]
[Source "John Saunders"]
[SourceDate "2008.07.14"]
[SourceVersion "1"]
[SourceVersionDate "2008.07.14"]
[SourceQuality "2"]

1. d4 d5 2. c4 dxc4 3. e3 Nf6 4. Bxc4 e6 5. Nf3 c5 6. O-O a6 7. Bb3 cxd4 8.
exd4 Nc6 9. Nc3 Be7 10. Bg5 O-O 11. Qd2 Na5 12. Bc2 b5 13. Qf4 Bb7 14. Qh4 g6
15. d5 Bxd5 16. Ne4 Bxe4 17. Bxe4 Ra7 18. Rad1 Nd5 19. Rfe1 f6 20. Bh6 Re8 21.
Qg4 Bf8 22. Bxg6 hxg6 23. Qxg6+ Bg7 24. Rxd5 Qxd5 25. Qxe8+ Kh7 26. Bxg7 Rxg7
27. Re3 Nc4 28. Ng5+ Rxg5 29. Qf7+ Kh6 30. Qxf6+ Kh7 31. Qf7+ 1-0

[Event "GBR-ch89"]
[Site "Torquay"]
[Date "2002.08.01"]
[Round "4"]
[White "Pert, Richard"]
[Black "Grant, Jonathan"]
[Result "1-0"]
[WhiteElo "2357"]
[BlackElo "2201"]
[PlyCount "109"]
[EventDate "2002.07.29"]
[EventType "swiss"]
[EventRounds "11"]
[EventCountry "GBR"]
[SourceTitle "BritBase"]
[Source "John Saunders"]
[SourceDate "2008.07.14"]
[SourceVersion "1"]
[SourceVersionDate "2008.07.14"]
[SourceQuality "2"]

1. e4 c6 2. d4 d5 3. e5 Bf5 4. c3 e6 5. Be3 f6 6. f4 Qb6 7. Qb3 g5 8. Nf3 gxf4
9. Bxf4 Nd7 10. Nbd2 Bg7 11. exf6 Bxf6 12. Be2 Ne7 13. O-O Ng6 14. Bh6 O-O-O
15. Ng5 Bxg5 16. Bxg5 Rdg8 17. Qxb6 axb6 18. Bh6 Nh4 19. g3 Bh3 20. Rf7 Nf5 21.
Bf4 h5 22. Nf3 Bg4 23. Re1 Nh6 24. Bxh6 Rxh6 25. Nh4 Kd8 26. Bd3 Rf6 27. Rxf6
Nxf6 28. Kg2 Rg5 29. h3 Bf5 30. Bxf5 exf5 31. Re5 Ne4 32. Nxf5 b5 33. Kf3 Rg6
34. g4 Ng5+ 35. Kg3 Ne4+ 36. Kf4 hxg4 37. hxg4 Nf2 38. Re3 Rxg4+ 39. Kf3 Rg5
40. Nh6 Ne4 41. Nf7+ Kd7 42. Nxg5 Nxg5+ 43. Kf4 Nf7 44. Rg3 Ke6 45. Rg6+ Ke7
46. b3 Nd6 47. Rg7+ Kf6 48. Rc7 Ke6 49. Ke3 Ne4 50. c4 bxc4 51. bxc4 Nc3 52.
Kd3 Nxa2 53. Rxb7 dxc4+ 54. Kxc4 Nc1 55. Rb2 1-0

[Event "GBR-ch89"]
[Site "Torquay"]
[Date "2002.08.01"]
[Round "4"]
[White "Sasikiran, Krishnan"]
[Black "Koneru, Humpy"]
[Result "1/2-1/2"]
[WhiteElo "2650"]
[BlackElo "2473"]
[PlyCount "89"]
[EventDate "2002.07.29"]
[EventType "swiss"]
[EventRounds "11"]
[EventCountry "GBR"]
[SourceTitle "BritBase"]
[Source "John Saunders"]
[SourceDate "2008.07.14"]
[SourceVersion "1"]
[SourceVersionDate "2008.07.14"]
[SourceQuality "2"]

1. Nf3 d5 2. d4 Nf6 3. c4 e6 4. Nc3 Nbd7 5. Qc2 Bb4 6. cxd5 exd5 7. Bg5 c6 8.
e3 O-O 9. Bd3 h6 10. Bh4 Be7 11. O-O Re8 12. Rab1 a5 13. a3 Ne4 14. Bxe7 Qxe7
15. b4 axb4 16. axb4 b5 17. Bxe4 dxe4 18. Nd2 Nf6 19. Rfc1 Bd7 20. Nb3 Qxb4 21.
Nc5 Qa5 22. N3xe4 Nxe4 23. Nxe4 Qa2 24. Rb2 Qd5 25. Nc5 Bf5 26. Qc3 Qd6 27. f3
Be6 28. Ne4 Qe7 29. Ng3 Ra3 30. Qe1 Bc4 31. e4 Qa7 32. Rd2 Rd8 33. Nf5 Be6 34.
Qh4 Rd7 35. Rxc6 Bxf5 36. exf5 Ra1+ 37. Kf2 Ra2 38. Rxa2 Qxa2+ 39. Kg3 Qd2 40.
Qf4 Rxd4 41. Qxd2 Rxd2 42. Rb6 Rb2 43. Rb8+ Kh7 44. h4 h5 45. Kf4 1/2-1/2

[Event "GBR-ch89"]
[Site "Torquay"]
[Date "2002.08.01"]
[Round "4"]
[White "Shaw, David A"]
[Black "Bigg, Andrew J"]
[Result "1-0"]
[WhiteElo "2190"]
[BlackElo "2248"]
[PlyCount "61"]
[EventDate "2002.07.29"]
[EventType "swiss"]
[EventRounds "11"]
[EventCountry "GBR"]
[SourceTitle "BritBase"]
[Source "John Saunders"]
[SourceDate "2008.07.14"]
[SourceVersion "1"]
[SourceVersionDate "2008.07.14"]
[SourceQuality "2"]

1. e4 e6 2. d4 d5 3. Nc3 Bb4 4. e5 Ne7 5. a3 Bxc3+ 6. bxc3 c5 7. Qg4 Qc7 8.
Qxg7 Rg8 9. Qxh7 cxd4 10. Ne2 Nbc6 11. f4 Bd7 12. Qd3 dxc3 13. h3 d4 14. g4
O-O-O 15. Rb1 Be8 16. Bg2 f6 17. exf6 Nd5 18. Qe4 e5 19. g5 Bf7 20. fxe5 Rge8
21. Qg4+ Kb8 22. O-O Ka8 23. Nxd4 Nxe5 24. Nb5 Qc5+ 25. Qd4 Qxd4+ 26. Nxd4 Nc4
27. Nb5 Re2 28. Bxd5 Rxd5 29. Nc7+ Kb8 30. Nxd5 Bxd5 31. Bf4+ 1-0

[Event "GBR-ch89"]
[Site "Torquay"]
[Date "2002.08.01"]
[Round "4"]
[White "Simpson, James"]
[Black "Sherwin, James"]
[Result "1-0"]
[WhiteElo "2245"]
[BlackElo "2344"]
[PlyCount "99"]
[EventDate "2002.07.29"]
[EventType "swiss"]
[EventRounds "11"]
[EventCountry "GBR"]
[SourceTitle "BritBase"]
[Source "John Saunders"]
[SourceDate "2008.07.14"]
[SourceVersion "1"]
[SourceVersionDate "2008.07.14"]
[SourceQuality "2"]

1. d4 Nf6 2. Nf3 d6 3. Nc3 Bg4 4. e4 c6 5. a4 a5 6. Be2 e6 7. h3 Bh5 8. O-O
Nbd7 9. Re1 Be7 10. d5 e5 11. dxc6 bxc6 12. b3 Nc5 13. Nd2 Bg6 14. Bf3 O-O 15.
Ba3 Ne6 16. Nc4 Nd4 17. g3 Qc7 18. Rc1 Rfd8 19. Ne3 Nd7 20. Ncd5 cxd5 21. Nxd5
Qa7 22. Nxe7+ Kh8 23. Bg2 Nc5 24. Nxg6+ fxg6 25. Bxc5 dxc5 26. c3 Nc6 27. Qc2
c4 28. bxc4 Qc5 29. Bf1 Rf8 30. Red1 Rab8 31. Rb1 Rxb1 32. Rxb1 h5 33. Rb5 Qa3
34. h4 Qa1 35. Rb1 Qa3 36. Rb6 Rf6 37. Rb5 Qa1 38. Kg2 Rd6 39. Rd5 Rf6 40. c5
Qa3 41. Bb5 Kh7 42. Bxc6 Rxc6 43. Rxe5 Rxc5 44. Rxc5 Qxc5 45. Qd3 Qc6 46. Qd4
g5 47. hxg5 h4 48. gxh4 Qe6 49. Kg3 Kg6 50. Qd5 1-0

[Event "GBR-ch89"]
[Site "Torquay"]
[Date "2002.08.01"]
[Round "4"]
[White "Snape, Ian L"]
[Black "Collins, Sam IRL"]
[Result "0-1"]
[WhiteElo "2202"]
[BlackElo "2313"]
[PlyCount "78"]
[EventDate "2002.07.29"]
[EventType "swiss"]
[EventRounds "11"]
[EventCountry "GBR"]
[SourceTitle "BritBase"]
[Source "John Saunders"]
[SourceDate "2008.07.14"]
[SourceVersion "1"]
[SourceVersionDate "2008.07.14"]
[SourceQuality "2"]

1. c4 Nf6 2. Nc3 e5 3. Nf3 Nc6 4. g3 d5 5. cxd5 Nxd5 6. Bg2 Nb6 7. O-O Be7 8.
d3 O-O 9. Be3 Be6 10. Na4 Bd5 11. Bc5 Nxa4 12. Bxe7 Qxe7 13. Qxa4 Rad8 14. Rac1
a6 15. Rfe1 Rd6 16. a3 f5 17. Rc5 e4 18. Rxd5 Rxd5 19. Qc4 Qc5 20. Qa2 exf3 21.
Bxf3 Ne7 22. b4 Qd6 23. e4 fxe4 24. dxe4 Rxf3 25. exd5 Qxd5 26. Qc2 Nc6 27.
Re8+ Rf8 28. Rxf8+ Kxf8 29. Qxh7 Nd4 30. Qh8+ Kf7 31. h4 Nf3+ 32. Kf1 Qd1+ 33.
Kg2 Ne1+ 34. Kh3 Qd7+ 35. Kh2 Qf5 36. f4 Qd5 37. Kh3 Nd3 38. h5 Nf2+ 39. Kh4
Qf5 0-1